000 01137nam a22004090a 4500
001 PT35262
003 AR-LpoUNG
005 20260131014314.0
008 201001s2009||||ag |||||||||||||||||spa d
020 _a9789879017852
_c$6.80
040 _aAR-LpoUNG
_bspa
_eaacr
041 _aspa
044 _aag
082 0 _aR334.01 368dic
100 1 _aCattani, Antonio David
_eorg.
245 1 0 _aDiccionario de la otra economía
250 _a1ra. ed.
260 _aBuenos Aires :
_bUniversidad Nacional de General Sarmiento - Altamira - CLACSO,
_c2009.
300 _a381 p. :
_bil.
490 0 _aLecturas de Economía Social
650 4 _aCOLECTIVISMO
650 4 _aCOMERCIO
650 4 _aCOOPERATIVAS
650 4 _aDICCIONARIOS
650 4 _aECONOMIA
650 4 _aECONOMIA COLECTIVA
650 4 _aECONOMIA DEL TRABAJO
650 4 _aMATERIAL DE REFERENCIA
650 4 _aMODOS DE PRODUCCION
650 4 _aSOCIALISMO
653 0 _aECONOMIA SOCIAL
653 0 _aECONOMIA SOLIDARIA
700 1 _aCoraggio, José Luis
_eorg.
_93
700 1 _aLaville, Jean-Louis
_eorg.
905 _a35262
942 _cLSALA
_2ddc
999 _c50638
_d50638